| 000 | 00399nam a22001577a 4500 | ||
|---|---|---|---|
| 999 |
_c1740 _d1740 |
||
| 003 | SLTCLib | ||
| 008 | 251203b ce ||||| |||| 00| 0 eng d | ||
| 020 | _a9781118727140 | ||
| 041 | _aEnglish | ||
| 082 |
_a005.14 _bOBE |
||
| 100 |
_aObermeier, Barbara _93192 |
||
| 245 | _aPhotoshop Elements 12 for Dummies | ||
| 260 |
_aHoboken _bJohn Wiley and Sons _c2013 |
||
| 300 | _a423p. | ||
| 942 |
_2ddc _cMLN |
||
| 945 |
_a3725 _bIshara wickramage _c3725 _dIshara wickramage |
||